Southville International School and Colleges
Your cart is empty.
  • Cart
  • Lists
    Public lists Eva Luna New books Lux_list list_1
    Your lists Log in to create your own lists
  • Log in to your account
  • Your cookies
  • Search history
Southville International School and Colleges
  • Advanced search
  • Recent comments
  • Most popular
  • Libraries

Log in to your account

Log in with GOOGLE


If you do not have an external account, but do have a local account, you can still log in:

  1. Home
  2. MARC view: Strategic management :
Normal view MARC view ISBD view

Strategic management : (Record no. 14858)

[ view plain ]
MARC details
000 -LEADER
fixed length control field 00558nam a2200181 a 4500
003 - CONTROL NUMBER IDENTIFIER
control field PILC
005 - DATE AND TIME OF LATEST TRANSACTION
control field 20150112093444.0
008 - FIXED-LENGTH DATA ELEMENTS--GENERAL INFORMATION
fixed length control field 100722s19uu xx 00 eng d
020 ## - INTERNATIONAL STANDARD BOOK NUMBER
International Standard Book Number 0131008374
050 ## - LIBRARY OF CONGRESS CALL NUMBER
Classification number HD 30.28
Item number .D249 2003
082 ## - DEWEY DECIMAL CLASSIFICATION NUMBER
Classification number P 658.4
Item number D28sm 2003
100 ## - MAIN ENTRY--PERSONAL NAME
Personal name David, Fred R.
9 (RLIN) 16846
245 ## - TITLE STATEMENT
Title Strategic management :
Remainder of title Concepts and cases /
Statement of responsibility, etc Fred R. David and Forest R. David
260 ## - PUBLICATION, DISTRIBUTION, ETC. (IMPRINT)
Place of publication, distribution, etc New Jersey :
Name of publisher, distributor, etc Prentice Hall International,
Date of publication, distribution, etc 2003.
300 ## - PHYSICAL DESCRIPTION
Extent 432 pages :
Dimensions 27 cm.
650 ## - SUBJECT ADDED ENTRY--TOPICAL TERM
Topical term or geographic name as entry element Management strategy
9 (RLIN) 16728
942 ## - ADDED ENTRY ELEMENTS (KOHA)
Source of classification or shelving scheme Library of Congress Classification
Koha item type Books
Holdings
Withdrawn status Lost status Source of classification or shelving scheme Damaged status Home library Current library Shelving location Date acquired Total Checkouts Full call number Barcode Date last seen Copy number Price effective from Koha item type
    Library of Congress Classification   Southville International School Affiliated with Foreign Universities Library Southville International School Affiliated with Foreign Universities Library Southville Foreign University Section 09/25/2013   HD 30.28 .D249 2003 SFU1591 05/15/2018 1 09/25/2013 Books
    Library of Congress Classification   Southville International School Affiliated with Foreign Universities Library Southville International School Affiliated with Foreign Universities Library Southville Foreign University Section 09/25/2013   HD 30.28 .D249 2003 SFU1592 05/15/2018 1 09/25/2013 Books

Strategic management :

APA

David F. R., . (2003). Strategic management. New Jersey: Prentice Hall International.

Chicago

David Fred R, . 2003. Strategic management. New Jersey: Prentice Hall International.

Harvard

David F. R., . (2003). Strategic management. New Jersey: Prentice Hall International.

MLA

David Fred R, . Strategic management. New Jersey: Prentice Hall International. 2003.

  • Place hold
  • Print
  • Cite
  • Add to your cart (remove)
  • Save record
    BIBTEX Dublin Core MARCXML MARC (non-Unicode/MARC-8) MARC (Unicode/UTF-8) MARC (Unicode/UTF-8, Standard) MODS (XML) RIS
  • More searches
    Search for this title in:
    Other Libraries (WorldCat) Other Databases (Google Scholar) Online Stores (Bookfinder.com) Open Library (openlibrary.org)

Exporting to Dublin Core...

SOUTHVILLE LIBRARY

Southville International School and Colleges Library

1281 Tropical Ave. Cor. Luxembourg St., BF Homes International, Las Pinas City

Tel. No. 8256374 / 252358 Loc. 117/146

Powered by Koha